| 000 | 00967nam a22002177a 4500 | ||
|---|---|---|---|
| 999 |
_c2670 _d2670 |
||
| 003 | AR-CdUCM | ||
| 008 | 190305b ||||| |||| 00| 0 spa d | ||
| 040 |
_aMUNICIPALIDAD PROVINCIAL DEL CUSCO _cBIBLIOTECA MUNICIPAL DEL CUSCO |
||
| 041 | _heng | ||
| 082 |
_a353.03 / _bB94 |
||
| 100 |
_aBurns, James MacGregor _99381 |
||
| 245 |
_aGobierno presidencial : _bel crisol de la soberanía / |
||
| 260 |
_aMéxico : _bLimusa Wiley, _c1967. |
||
| 300 |
_a438 páginas ; _c19 cm. |
||
| 505 | _aContenido: Modelo hamiltoniano -- Nacimiento del gobierno presidencial -- Perspectiva sobre la Casa Blanca -- Quiénes forman la desición central -- Los políticos presidenciales -- Supremacía colectiva -- La presidencia i el propósito nacional -- La presidencia en orden de batalla -- El crisol de la supremacía. | ||
| 650 |
_aEstados Unidos _91805 |
||
| 650 |
_aPresidentes-USA _99382 |
||
| 650 |
_aPolítica norteamericana _99383 |
||
| 942 |
_2ddc _cLIBROS |
||
| 945 | _azta | ||